000 01017naa a22002897a 4500
001 BR6009711
003 BR-BrBNA
005 20240918173102.0
007 ta
008 230509b bl.||||| |||| 00| 0 por d
040 _aBR-BrBNA
_bpor
_cBiblioteca Nacional de Agricultura
041 _a(Pt)
072 _aF30
_b0120
090 _aF30 BR6009711
100 1 _aWinkler, E.I.G.
111 1 _a9. Reuniao Brasileira do Milho
_cRecife, PE (Brazil)
_d24 Jul 1972
245 1 _aTolerancia a acidez do solo em linhagens de milho [Melhoramento genetico vegetal; Zea mays]
260 3 _aRecife, PE (Brasil):
_c1972.
500 _aAnais da 9. Reuniao Brasileira do Milho Recife, PE (Brasil): 1972. p. 161-163 (BR6009711-AM)F30
650 _aMelhoramento genetico vegetal
650 _aMilho
650 _aSolo acido
650 _aLinhagem
773 0 _tAnais da 9. Reuniao Brasileira do Milho
_wF30 BR6009711
_gRecife, PE (Brasil), 1972. p. 161-163
909 _a202404
_bLucia
_c55
_dLucia Elande
942 _cAM
_2AGRIS
999 _c302793
_d302793